Wards of Sapporo, Japan (with a map) - Statistics

General Stats
  • This quiz has been taken 102 times
  • The average score is 8 of 10
Answers on the Map
Answers color-coded by a green-red scale on the quiz's map according to % correct below.
 
Answer Stats
Answer % Correct
Chuo
97%
Kita
95%
Minami
93%
Higashi
92%
Nishi
92%
Toyohira
75%
Shiroishi
71%
Teine
71%
Atsubetsu
68%
Kiyota
63%
No matching quizzes found
Score Distribution
Percent of People with Each Score
Percentile by Number Answered
Your Score History
You have not taken this quiz